000 00361nam a2200145Ia 4500
008 150201s2012 xx 000 0 und d
082 _a612.3
_bN12I
100 _aINDRANI, TK.
245 _aNURSING MANUAL OF NUTRITION & THERAPEUTIC DIET
250 _a1ST
260 _bJAYPEE
_aDELHI
_c2012
300 _a365
650 _aNUTRITON & DIET
942 _2ddc
_cBK
_07
999 _c2144
_d2144